The old bachelor. A comedy. By Mr William Congreve.

Bibliographic Details
Main Author: Congreve, William, 1670-1729
Format: eBook
Language:English
Series:Eighteenth century collections online.
Online Access:Full text online

MARC

Tag First Indicator Second Indicator Subfields
LEADER 00000cam a2200000 4500
001 in00001928021
006 m | d |
007 cr |n||||||||n
008 810401s1768 stk|||| s 00||||eng d
005 20260407223654.1
035 |a (CStRLIN)ESTCT119723 
040 |a Uk-ES  |c Uk-ES  |d CStRLIN  |d Thomson Gale  |d UtOrBLW 
100 1 |a Congreve, William,  |d 1670-1729. 
245 1 4 |a The old bachelor. A comedy. By Mr William Congreve. 
246 3 |a Old batchelor 
264 3 |a Edinburgh :  |b printed by and for Martin & Wotherspoon,  |c 1768. 
300 |a 83, 1 unnumbered page ;  |c 12⁰. 
336 |a text  |b txt  |2 rdacontent 
337 |a computer  |b c  |2 rdamedia 
338 |a online resource  |b cr  |2 rdacarrier 
500 |a Also issued as part of: 'The theatre: or, select works of the British dramatic poets', volume5, Edinburgh, 1768. 
500 |a Reproduction of original from the British Library. 
510 4 |a English Short Title Catalog,  |c ESTCT119723. 
533 |a Electronic reproduction.  |b Farmington Hills, Mich. :  |c Thomson Gale,  |d 2003.  |n Available via the World Wide Web.  |n Access limited by licensing agreements  |7 s2003 miunns 
500 |a Electronic resource. 
830 0 |a Eighteenth century collections online. 
856 4 0 |u http://proxy.library.tamu.edu/login?url=https://galenet.galegroup.com/servlet/ECCO?c=1&stp=Author&ste=11&af=BN&ae=T119723&tiPG=1&dd=0&dc=flc&docNum=CW116476556&vrsn=1.0&srchtp=a&d4=0.33&n=10&SU=0LRK&locID=txshracd2898  |z Full text online  |t 0 
999 |a MARS 
999 f f |s c9f55787-0836-3830-b8ac-19e0ee0f506e  |i 706275f1-0e7c-3016-89b0-936bc30409d0  |t 0 
952 f f |a Texas A&M University  |b College Station  |c Electronic Resources  |s www_evans  |d Available Online  |t 0  |h No information provided 
998 f f |t 0  |l Available Online